| 000 | 00925 a2200301 4500 | ||
|---|---|---|---|
| 001 | 200130819 | ||
| 999 |
_c200130819 _d5884 |
||
| 003 | TR-AnTOB | ||
| 005 | 20200504170206.0 | ||
| 008 | 131112b tu 000 0 | ||
| 020 | _a9789756707449 | ||
| 040 | _aTR-AnTOB | ||
| 041 | 0 | _aeng | |
| 050 |
_aQC33 _bG45 2013 |
||
| 090 | _aQC33 G45 2013 | ||
| 100 |
_aIşık, Mehmet _994072 |
||
| 245 | 0 |
_aGeneral physics II : _belectricity & magnetism laboratory manual / _cMehmet Işık...[et al.]. |
|
| 264 | 1 |
_aAnkara : _bAtılım University, _c2013 |
|
| 300 |
_a63 pages : _billustrated, table ; _c23 cm. |
||
| 505 | _aContents: Basic instruments - Experiment reports. | ||
| 650 | 0 |
_aPhysics _xExperiments _994077 |
|
| 650 | 0 |
_aFizik _xDeneyler _913578 |
|
| 700 | 1 |
_aSarıgül, Elif _994073 |
|
| 700 | 1 |
_aYıldız Karakul, Bilge Can _994074 |
|
| 700 | 1 |
_aGüllü, Seda Kayra _994075 |
|
| 700 | 1 |
_aKorkmaz, Filiz _994076 |
|
| 942 | _cBK | ||